Legal Emblems and the Art of Law (Record no. 26808)

MARC details
000 -LEADER
fixed length control field 01744 a2200181 4500
020 ## - INTERNATIONAL STANDARD BOOK NUMBER
ISBN 9781107546103
082 ## - DEWEY DECIMAL CLASSIFICATION NUMBER
Classification number 340.1
Item number GOO-L
100 ## - MAIN ENTRY--AUTHOR NAME
Personal name Goodrich, Peter
245 ## - TITLE STATEMENT
Title Legal Emblems and the Art of Law
Sub Title : Obiter Depicta as the Vision of Governance
260 ## - PUBLICATION, DISTRIBUTION, ETC. (IMPRINT)
Name of publisher Cambridge University Press
Year of publication 2015
300 ## - PHYSICAL DESCRIPTION
Number of Pages 307. pp.
520 ## - SUMMARY, ETC.
Summary, etc The history of the legal emblem has not been written. A seemingly fortuitous invention of the humanist lawyer Andrea Alciato in 1531, the emblem book is an extraordinary pictorial turn in the early history of publishing and in the emergence of modern law. The preponderance of juridical and normative themes, of images of rule and infraction, of obedience and error in the emblem books is critical to their purpose and interest. It is no accident that the history of this highly successful scholarly genre is dominated in authorship and content by lawyers. This book is the history of the emblem tradition as a juridical genre, along with the concept of, and training in obiter depicta, in things seen along the way to judgment. It argues that these picture books of law depict norms and abuses in classically derived forms that become the visual standards of governance. Despite the plethora of vivid figures and virtual symbols that define and transmit law, contemporary lawyers are not trained in the critical apprehension of the visible. This book is the first to reconstruct the history of the emblem tradition so as to evidence the extent to which a gallery of images of law already exists and structures how the public realm is displayed, made present, and viewed.
650 ## - SUBJECT ADDED ENTRY--TOPICAL TERM
Topical Term Symbolism in law
650 ## - SUBJECT ADDED ENTRY--TOPICAL TERM
Topical Term Law and art
650 ## - SUBJECT ADDED ENTRY--TOPICAL TERM
Topical Term Emblem books
650 ## - SUBJECT ADDED ENTRY--TOPICAL TERM
Topical Term Emblems
942 ## - ADDED ENTRY ELEMENTS (KOHA)
Source of classification or shelving scheme Dewey Decimal Classification
Koha item type Books
Holdings
Withdrawn status Lost status Damaged status Not for loan Home library Current library Date acquired Source of acquisition Cost, normal purchase price Bill Date Full call number Accession Number Cost, replacement price Price effective from Koha item type
        NASSDOC Library NASSDOC Library 13/04/2021 Overseas Press India Private Limited 1778.19 2021-03-08 340.1 GOO-L 51526 2504.50 13/04/2021 Books